000 00382nam a22001337a 4500
008 180920b xxu||||| |||| 00| 0 eng d
020 _a2901412956795
041 _aeng
080 _a341
100 _a15
101 _aJUR
245 _aThe World Crime Breaking The Silence On Problems Of Security Justice And Development Across The World
_cDijk.J.V
942 _2udc
_cBK
999 _c48148
_d48148